| 000 -LEADER |
| fixed length control field |
00712nam a2200241 a 4500 |
| 008 - FIXED-LENGTH DATA ELEMENTS--GENERAL INFORMATION |
| fixed length control field |
191217s2012 ii a|||g |||| 00| 0 eng d |
| 020 ## - INTERNATIONAL STANDARD BOOK NUMBER |
| International Standard Book Number |
9789350519035 |
| Terms of availability |
Rs. 498.00 |
| 040 ## - CATALOGING SOURCE |
| Original cataloging agency |
IMU Kochi Library |
| Language of cataloging |
eng |
| 041 0# - LANGUAGE CODE |
| Language code of text/sound track or separate title |
eng |
| 044 ## - COUNTRY OF PUBLISHING/PRODUCING ENTITY CODE |
| MARC country code |
India |
| 082 04 - DEWEY DECIMAL CLASSIFICATION NUMBER |
| Edition number |
23 |
| Classification number |
330.954 |
| Item number |
M6911 |
| 100 1# - MAIN ENTRY--PERSONAL NAME |
| Personal name |
Misra, S. K. |
| 245 10 - TITLE STATEMENT |
| Title |
Indian Economy : |
| Sub Title |
its development experience / |
| 250 ## - EDITION STATEMENT |
| Edition statement |
30th rev. ed. |
| 260 ## - PUBLICATION, DISTRIBUTION, ETC. (IMPRINT) |
| Place of publication, distribution, etc |
Mumbai : |
| Name of publisher, distributor, etc |
Himalaya Publishing House Pvt. Ltd. , |
| Date of publication, distribution, etc |
2012. |
| 300 ## - PHYSICAL DESCRIPTION |
| Extent |
xxix, 833 p. : |
| Other physical details |
ill. ; |
| Dimensions |
28 cm |
| 650 #0 - SUBJECT ADDED ENTRY--TOPICAL TERM |
| Topical term or geographic name as entry element |
Economic conditions |
| Form subdivision |
Textbooks |
| Geographic subdivision |
India |
| 650 #0 - SUBJECT ADDED ENTRY--TOPICAL TERM |
| Topical term or geographic name as entry element |
Economic policy |
| Form subdivision |
Textbooks |
| Geographic subdivision |
India |
| 700 ## - ADDED ENTRY--PERSONAL NAME |
| Personal name |
Puri, V. K. |
| Relator term |
Joint Author |
| 852 ## - LOCATION/CALL NUMBER |
| Location |
IMU Kochi Library |
| 904 ## - LOCAL DATA ELEMENT D, LDD (RLIN) |
| CATALOGER |
Akhil Bose |
| 942 ## - ADDED ENTRY ELEMENTS (KOHA) |
| Item type |
Books |